Stacje paliw w Polsce - Statystyki

Ogólne statystyki
  • Ten quiz został rozwiązany 195 razy
    62 od ostatniego zresetowania
  • Średni wynik to 5 z 8
Statystyki odpowiedzi
Odpowiedź % Poprawnych
Orlen
100%
Shell
87%
BP
85%
Moya
75%
Circle K
64%
Mol
55%
Avia
21%
Amic
17%
Nie znaleziono quizów pasujących do podanych kryteriów
Rozkład punktacji
Procent ludzi z każdym wynikiem
Percentyl według liczby udzielonych odpowiedzi
Twoja historia wyników
Nie rozwiązałeś tego quizu od ostatniego zresetowania